Theory and Application of Hydraulic Modeling: Interaction between Wave and Ground Motion /

Guardado en:
Detalles Bibliográficos
Otros Autores: Arikawa, Taro (Editor)
Formato: Libro
Lenguaje:inglés
Publicado: Boca Raton: CRC Press, 2024
Edición:1. vyd.
Materias:
Etiquetas: Agregar Etiqueta
Sin Etiquetas, Sea el primero en etiquetar este registro!

MARC

LEADER 00000nam a22000003a 4500
001 0111516
003 SK-STU
005 20240930130903.2
007 ta
008 240930s ----xo-----e------000-0-----d
020 |a 9781003424758 
040 |a STU  |b slo 
041 0 |a eng  |h eng 
044 |a xxu 
100 1 |a Arikawa, Taro  |4 edt 
245 1 0 |a Theory and Application of Hydraulic Modeling:  |b Interaction between Wave and Ground Motion /  |c ed. Taro Arikawa 
250 |a 1. vyd. 
260 |a Boca Raton:  |b CRC Press,   |c 2024 
300 |a 250 s.  
500 |a E-book 
650 0 7 |a hydraulické modelovanie 
650 0 7 |a e-kniha 
996 |c V* 34/EK  |l VVT  |s A  |a 24  |w 0111516_0001